Sneaker brands - Statistics

General Stats
  • This quiz has been taken 519 times
  • The average score is 12 of 13
Answer Stats
Picture Answer % Correct
Nike
100%
Adidas
98%
Puma
98%
New balance
96%
Fila
94%
Gucci
94%
Louis vuitton
91%
Converse
89%
Kobe
87%
Lacoste
85%
Under armour
83%
Tommy hilfiger
82%
Air jordan
79%
No matching quizzes found
Score Distribution
Percent of People with Each Score
Percentile by Number Answered
Your Score History
You have not taken this quiz